London Drill Rapper to Gang - Statistics

General Stats
  • This quiz has been taken 88 times
  • The average score is 7 of 15
Answer Stats
Hint Answer % Correct
Blanco Harlem Spartans
89%
Loski Harlem Spartans
89%
Bandokay OFB
86%
Digga D 1011
68%
E1 3x3
62%
Kwengface Zone 2
56%
Lucii Block 6
38%
Tzgwala Block 6
38%
Jojo TPL
36%
Sava TPL
36%
Yanko 7th
35%
C1 LTH
21%
ZT 3x3
18%
SR Siraq
18%
Nines Ice city boyz
3%
No matching quizzes found
Score Distribution
Percent of People with Each Score
Percentile by Number Answered
Your Score History
You have not taken this quiz